000 01020nmc a2200349 a 4500
003 AR-BaBNM
005 20251128205401.0
008 257119s1985 ||||||||||||||000 | spa||
020 _a950-9316-10-5
040 _cAR-BaBNM
100 1 _aPerón, Juan Domingo
245 1 0 _aTercera posición y unidad latinoamericana
260 _aBuenos Aires
_bBiblos
_c1985
300 0 _a145 p.
490 0 _aPensamiento político. Normal
500 0 _aContiene cronología de p. 147-149
500 0 _aIndice de nombres de p. 151-154
600 1 4 _aKennedy, John
600 1 4 _aSan Martín, José de
600 1 4 _aPerón, Juan Domingo
610 2 4 _aNaciones Unidas
650 4 _aRELACIONES INTERNACIONALES
650 4 _aTRATADOS INTERNACIONALES
650 4 _aACUERDOS INTERNACIONALES
650 4 _aPOLITICA EXTERIOR
650 4 _aHISTORIA DE LAS RELACIONES INTERNACIONALES
651 4 _aAmérica Latina
651 4 _aArgentina
700 1 _aChavez, Fermín
_ecompilador
942 _cBK
998 _cMariana
999 _c11197
_d11197